Statistiques concernant Récapitulatif de mes quiz #2

Cliquez ici pour prendre le quiz!

Statistiques générales

  • Ce quiz a été pris 47 fois
  • Le résultat moyen est 60 sur 100

Statistiques - réponses

HintRéponse% Correct
Échelle de mots : de Père à NoëlContraire de femelleMâle
98%
OrangeNemo
98%
Personnages de filmsB - {Barbie}
95%
VampiresDracula
95%
NoirDark Vador
93%
Extra-terrestresE.T.
93%
#1Cheval disposant d'une corne sur le frontLicorne
93%
Films de Noël par imagesMaman j'ai raté l'avion
93%
DisneyPrincesse aux très longs cheveuxR - {Raiponce}
93%
#2Il vous mord dans le cou pour sucer votre sangVampire
93%
Générique Bob l'épongeMot le plus présent dans le génériqueBob / l' / éponge / carréee
91%
GrisDumbo
91%
#3Georges Perec a écrit un roman sans utilisé une seule fois cette lettreE
91%
Star WarsQue la _____ soit avec toiF - {Force}
91%
Vaches et taureauxLa Vache qui rit
91%
#1Les MisérablesVictor Hugo
91%
Marvel ou DC ComicsHarley QuinnDC Comics
88%
Mario ou SonicRoi BooMario
88%
Tête à PiedEnveloppe du corps humainPeau
88%
Éléments réels ou inventésLithiumRéel
88%
#1Lettre écrite sur le costume de super-héros de Clark KentS
88%
Scènes de neige en imagesLes Bronzés font du ski
86%
Jeux télévisés en France - 2Qui veut gagner des millions ?
86%
Un prénomFleur à épines qu'il faut repeindre pour la Reine de CoeurRose
86%
Tekken ou Street FighterKen MastersStreet Fighter
86%
#2Lettre la plus importante sur une carte au trésorX
86%
BelgiqueIl y a + de 1500 sortes de cette boisson en BelgiqueB - {Bière}
84%
#2Chat régulièrement embêté par des cafardsOggy
84%
Anagrammes spécial NoëlTHANCChant
81%
Anagrammes spécial PâquesCACHOLOTChocolat
81%
Homonymes parfaitsVous en gagnez en répondant aux quiz étoilés OU On le met à la fin d'une phrasePoint
81%
Jeux télévisés en FranceBurger Quiz
79%
#1Tortue sachant compter deux par deuxFranklin
79%
Game of Thrones ou Le Seigneur des AnneauxAryaGame of Thrones
79%
PokémonUn jour je serai le ________ ________meilleur dresseur
79%
#3C'est vraiment trop inzuste pour ce petit poussin noirCalimero
77%
Générique Inspecteur GadgetMot le plus présent dans le génériqueGadget
77%
Les SchtroumpfsViens au pays des ___________Schtroumpfs
77%
BrunTaz
77%
OiseauxHedwige
74%
Jules à VerneUn lapin à tué un chasseur à ce moment de la journéeMatin
74%
RatzPas de _______ à bordpanique
74%
Phinéas et FerbIl y a presque _____ mois de vacances d'ététrois
74%
Père Noël en imagesCoca-Cola
72%
DinosauresDenver
72%
#4Harry PotterJ. K. Rowling
72%
Une heureHeure dite de la position des mains sur un volant de voiture10h10
70%
Bob l'épongeQui vit dans __ ______ dans la mer ?un ananas
67%
#3Le Petit PrinceAntoine de Saint-Exupéry
65%
Quoi d'neuf Scooby-Doo ?On va résoudre __ _______ce mystère
65%
Akira ToriyamaSon oeuvre la plus célèbreD - {Dragon Ball}
65%
Récapitulatif de mes quiz #2Nombre présent dans le descriptif de ce quiz200
63%
Les SchtroumpfsMaison des SchtroumpfsC - {Champignon}
63%
Les Chevaliers du ZodiaqueDes quatre coins de _'_______l'univers
63%
Un élément chimiqueNavigateur web développé par GoogleChrome
60%
FootballeursD - {Kevin De Bruyne}
60%
Personnages de South Park en imagesEric Cartman
60%
Nicky LarsonNicky Larson ne craint ________personne
60%
Inspecteur GadgetEh là qui __ __va là
60%
#5Hercule PoirotAgatha Christie
56%
VioletSpyro
56%
#2ShiningStephen King
56%
FranklinIl est là pour _____ avec toijouer
53%
Personnages de jeux vidéosK - {Kratos}
53%
MiraculousArme de LadybugY - {Yoyo}
53%
Ben 10Avec un mystérieux ________bracelet
49%
4ème générationRioluLucario
49%
Les Mystérieuses Cités d'OrC'est ta vie, c'est ___ ______ton destin
49%
MiraculousJe m'appelle _________Marinette
47%
Olive et TomDeux mi-temps et ______-_____ ___ minutesquatre-vingt dix
44%
#1Emma BovaryGustave Flaubert
42%
Code LyokoSauver notre _________existence
40%
5ème générationZoruaZoroark
40%
Records de l'Équipe de Belgique de football33 buts et 126 sélectionsEden Hazard
37%
Champions de League of LegendsJ - {Jinx}
35%
Mes parrains sont magiquesTimmy est un ______ moyengarçon
33%
3ème générationMedhyènaGrahyèna
33%
Denver, le dernier dinosaureC'est ___ ___ et bien plus encoremon ami
33%
Harry Potter - Composition des baguettesCoeur de la baguette de Harry PotterPlume de phénix
28%
SilverhawksAllez, Silverhawks ! Aigles d'______argent
26%
Dragon Ball ZDragon Ball Z Z Z Z, le gentil ________Sangohan
26%
Tom SawyerTom Sawyer, c'est pour nous tous __ ___un ami
26%
#2Oliver TwistCharles Dickens
23%
7ème générationRocabotLougaroc
23%
6ème générationCabriolaineChevroum
21%
WakfuSois le feu et __ _____,la terre
21%
The MaskArrêtez ou je fais un _______ !malheur
21%
8ème générationToxizapSalarsen
21%
Kim PossibleÀ Tokyo, Paris, ___ ____New York
19%
Albert, le 5ème mousquetaireMalin, rieur, c'est un vrai _______farceur
16%
Rôles des acteurs ayant joués dans le MCU et le DCEURôle dans le MCU de Idriss ElbaHeimdall
16%
Zombies dans la fiction en imagesHotel Transylvanie
16%
Ulysse 31Je suis ____, le petit robotNono
16%
La Bande à PicsouC'est le plus grand boss de _____ __ _____toute la ville
16%
South ParkTout le monde vous dit "_____ _______" !Bonne Journée
14%
9ème générationPâtachiotBriochien
14%
Tortues NinjaPour venger Splinter, ils sortent les _______katanas
12%
Ranma 1/2Moitié soleil, et moitié _____pluie
9%
Les AnimaniacsSoyez cool, soyez _____relax
5%
Myster MaskFoi d'_________alligator
2%

Distribution des résultats

Percentile par nombre de réponses

% des personnes avec chaque résultat

Votre développement - résultats

Vous n’avez pas pris ce quiz